Online Catalogue and eLibrary

Kushwant Singh: (Record no. 4637)

MARC details
000 -LEADER
fixed length control field 00451nam a2200145Ia 4500
005 - DATE AND TIME OF LATEST TRANSACTION
control field 20250305062001.0
008 - FIXED-LENGTH DATA ELEMENTS--GENERAL INFORMATION
fixed length control field 240331s9999 xx 000 0 und d
082 ## - DDC Classification
Item Number - Author Mark CHO
DDC Edition Number 6117
Class No. 920
100 ## - MAIN ENTRY--PERSONAL NAME
Personal name Chokkan, N
245 #0 - TITLE STATEMENT
Title Kushwant Singh:
Remainder of title Vaazhvellam Punnagai
260 ## - PUBLICATION, DISTRIBUTION, ETC.
Place of publication, distribution, etc. Chennai
Name of publisher, distributor, etc. Kizhakku Pathippagam
Date of publication, distribution, etc. 2004
300 ## - PHYSICAL DESCRIPTION
Extent (e.g. Volumes, Pages etc.) 136 p.,
500 ## - GENERAL NOTE
General note A biographical sketch of Kushwant Singh, an Indian author, lawyer, journalist and politician.
942 ## - Koha item type (Biblio)
Koha item type Books in Stacks (Lending)
Holdings
Lost status Damaged status Collection code Home library Current library Shelving location Date acquired Full call number Accession Number Item type
    Lending WERC Library WERC Library Social Science Cupboard 03/31/2024 920 CHO 6117 Books in Stacks (Lending)

© WERC Library